MARC details
| 000 -LEADER |
| fixed length control field |
02623namaa2200385uu 4500 |
| 001 - CONTROL NUMBER |
| control field |
doab134647 |
| 003 - CONTROL NUMBER IDENTIFIER |
| control field |
oapen |
| 005 - DATE AND TIME OF LATEST TRANSACTION |
| control field |
20260218110442.0 |
| 006 - FIXED-LENGTH DATA ELEMENTS--ADDITIONAL MATERIAL CHARACTERISTICS |
| fixed length control field |
m o d |
| 007 - PHYSICAL DESCRIPTION FIXED FIELD--GENERAL INFORMATION |
| fixed length control field |
cr|mn|---annan |
| 008 - FIXED-LENGTH DATA ELEMENTS--GENERAL INFORMATION |
| fixed length control field |
240224s2024 xx |||||o ||| 0|eng d |
| 020 ## - INTERNATIONAL STANDARD BOOK NUMBER |
| International Standard Book Number |
9783110754209 |
| 020 ## - INTERNATIONAL STANDARD BOOK NUMBER |
| International Standard Book Number |
9783110754513 |
| 020 ## - INTERNATIONAL STANDARD BOOK NUMBER |
| International Standard Book Number |
9783110754513 |
| 020 ## - INTERNATIONAL STANDARD BOOK NUMBER |
| International Standard Book Number |
9783110754605 |
| 024 7# - OTHER STANDARD IDENTIFIER |
| Standard number or code |
10.1515/9783110754513 |
| Source of number or code |
doi |
| 040 ## - CATALOGING SOURCE |
| Original cataloging agency |
oapen |
| Transcribing agency |
oapen |
| Modifying agency |
|
| 041 0# - LANGUAGE CODE |
| Language code of text/sound track or separate title |
eng |
| 042 ## - AUTHENTICATION CODE |
| Authentication code |
dc |
| 245 00 - TITLE STATEMENT |
| Title |
From Windhoek to Auschwitz? |
| Remainder of title |
Reflections on the Relationship between Colonialism and National Socialism |
| 260 ## - PUBLICATION, DISTRIBUTION, ETC. |
| Place of publication, distribution, etc. |
Basel/Berlin/Boston |
| Name of publisher, distributor, etc. |
De Gruyter |
| Date of publication, distribution, etc. |
2024 |
| 300 ## - PHYSICAL DESCRIPTION |
| Extent |
1 online resource (366 p.) |
| 336 ## - CONTENT TYPE |
| Content type term |
text |
| Content type code |
txt |
| Source |
rdacontent |
| 337 ## - MEDIA TYPE |
| Media type term |
computer |
| Media type code |
c |
| Source |
rdamedia |
| 338 ## - CARRIER TYPE |
| Carrier type term |
online resource |
| Carrier type code |
cr |
| Source |
rdacarrier |
| 490 1# - SERIES STATEMENT |
| Series statement |
European Colonialism in Global Perspective |
| 506 0# - RESTRICTIONS ON ACCESS NOTE |
| Standardized terminology for access restriction |
Unrestricted online access |
| Source of term |
star |
| 520 ## - SUMMARY, ETC. |
| Summary, etc. |
Forty years before the war of annihilation in eastern Europe and the Holocaust, German colonial troops in German South West Africa perpetrated the first genocide of the twentieth century. From Windhoek to Auschwitz? interrogates the relationship between colonialism and National Socialism, using genocide, the 'racial state', and systems of forced labour as points of departure for comparative observation. The book is an indispensable document in the intensive debate among German and international scholars about the postcolonial expansion of German history, and it offers a fresh look at the history of colonialism and also the 'Third Reich'.; Forty years before the war of annihilation in eastern Europe and the Holocaust, German colonial troops in German South West Africa perpetrated the first genocide of the twentieth century. From Windhoek to Auschwitz? interrogates the relationship between colonialism and National Socialism, using genocide, the 'racial state', and systems of forced labour as points of departure for comparative observation. The book is an indispensable document in the intensive debate among German and international scholars about the postcolonial expansion of German history, and it offers a fresh look at the history of colonialism and also the 'Third Reich'. |
| 540 ## - TERMS GOVERNING USE AND REPRODUCTION NOTE |
| Terms governing use and reproduction |
Creative Commons |
| -- |
by/4.0 |
| -- |
cc |
| Uniform Resource Identifier |
<a href="http://creativecommons.org/licenses/by/4.0">http://creativecommons.org/licenses/by/4.0</a> |
| 546 ## - LANGUAGE NOTE |
| Language note |
English |
| 720 1# - ADDED ENTRY--UNCONTROLLED NAME |
| Name |
Zimmerer, Jürgen |
| Relator code |
aut |
| 793 0# - |
| -- |
DOAB Library. |
| 856 ## - ELECTRONIC LOCATION AND ACCESS |
| Uniform Resource Identifier |
<a href="https://docs.google.com/spreadsheets/d/1yKIrdCPDAG_9c22mwoOIO2DOhtj65Wqa/edit?usp=sharing&ouid=106555315294820607512&rtpof=true&sd=true ">https://docs.google.com/spreadsheets/d/1yKIrdCPDAG_9c22mwoOIO2DOhtj65Wqa/edit?usp=sharing&ouid=106555315294820607512&rtpof=true&sd=true </a> |
| Link text |
List of Curated E-Books |
| 942 ## - ADDED ENTRY ELEMENTS (KOHA) |
| Koha item type |
E-Book |